| 000 | 02672cam a22005174i 4500 | ||
|---|---|---|---|
| 003 | PE-LiUPU | ||
| 005 | 20260203121844.0 | ||
| 008 | 150706s2012 bl r 000 0 por d | ||
| 020 | _a9788589504409 | ||
| 035 | _a(Sirsi) i9788589504409 | ||
| 040 |
_aPE-LiUPU _bspa _cPE-LiUPU _erda |
||
| 049 | _aPRUA | ||
| 082 | 0 | 4 |
_a236.9 _bE8 _221 |
| 245 | 0 | 1 |
_aEspírito de profecia : _borienções para la igreja remanescente / _cRenato Stencel. |
| 264 | 1 |
_aEngenheiro Coelho, SP: Unaspress : _bUniversitaria Adventista, _c2012. |
|
| 300 |
_a189 páginas ; _c22 centímetros |
||
| 336 |
_atext _2rdacontent |
||
| 337 |
_aunmediated _2rdamedia |
||
| 338 |
_avolume _2rdacarrier |
||
| 505 | 0 | _aSobre os autores -- Para uma compreensão adventista de inspiração -- A dinamica de inspiração: olhando de perto as mensagens de Ellen G. White -- Profetas modernos: como testá-los? -- Os profetas e a infalibilidade -- Ellen G. White como una profetisa: conceitos de revelação e inspiração -- Ellen G. White e a Bíblia: como seus escritos se relacionam com as Escrituras -- Jesus, os profetas e nós: evitando os erros de gerações passadas -- Por que eu creio que Ellen G. White foi uma verdadeira profetisa -- Princípios norteadores de interpretação da Bíblia e dos escritos de Ellen G. White -- O papel de Ellen G. White no desenvolvimento das doutrinas da IASD -- Assistentes literários dos autores inspirados -- Os críticos e a integridade dos profetas -- Ellen G. White e "empréstimos literários": a questão do plágio -- Ellen G. White e o vegetarianismo: ela praticava o que pregava?. | |
| 526 | _aSEG42 | ||
| 526 | _aSEG41 | ||
| 526 | _aSEG40 | ||
| 526 | _aSEG39 | ||
| 526 | _aP94 | ||
| 526 | _aP87 | ||
| 526 | _aP86 | ||
| 526 | _aP85 | ||
| 526 | _aP77 | ||
| 526 | _aP76 | ||
| 526 | _aP35 | ||
| 600 | 1 |
_aWhite, Elena G. de. _d1827-1915 |
|
| 630 |
_aBiblia. _pN.T. _pApocalipsis. |
||
| 630 | 0 |
_aBiblia. _xProfecías. _93777 |
|
| 650 | 0 | 4 |
_aAdventistas del Séptimo Día _xDoctrinas. |
| 650 | 0 | 0 |
_aSalvación _9870 |
| 650 | 0 | 4 | _aSegundo advenimiento. |
| 650 | 0 | 4 |
_aTeología del remanente _xEnseñanza bíblica. |
| 910 |
_agl _clch _d20131106 |
||
| 942 |
_2ddc _cBOOK |
||
| 949 |
_a236.9 E8 _wDEWEY _c1 _i68423 _lCCODEBUL1 _mBUL _p15.00 _r0 _sY _tBOOK _u2015-7-6 _xBIBLIOTECA _zUNKNOWN _o.STAFF. Colección General |
||
| 994 |
_aC0 _bPEPRU |
||
| 596 | _a1 | ||
| 999 |
_a236.9 E8 _wDEWEY _c55812 _i68423 _d55812 _e2017-4-4 _f2021-11-10 _g5 _lCCODEBUL1 _mBUL _n1 _p15.00 _r0 _sY _tBOOK _u2015-7-6 _xTEOLOGIA _PP35 _0COMPRA _o.STAFF. Colección Teología |
||
| 980 |
_818226 _gJaime Vilcazán Jefe de Análisis Documental |
||